| 000 | 00431nam a22001697a 4500 | ||
|---|---|---|---|
| 005 | 20180531130115.0 | ||
| 008 | 160611b xxu||||| |||| 00| 0 eng d | ||
| 020 | _a9788121929448 | ||
| 041 | _aeng | ||
| 082 |
_b6810 _a519.5 |
||
| 100 |
_aJain, D.R. Jhunjhunwala, Bharat _91689 |
||
| 245 | _aBusiness Statictics | ||
| 260 |
_aNew Delhi _bS. Chand & Company Pvt. Ltd. |
||
| 300 | _a583 | ||
| 650 |
_aManagement _9241 |
||
| 942 | _cBK | ||
| 999 |
_c2382 _d2381 |
||